| 000 | 01226nac a22003850a 4500 | ||
|---|---|---|---|
| 001 | PT23356 | ||
| 003 | AR-LpoUNG | ||
| 005 | 20210201005141.0 | ||
| 008 | 201001s2006||||ag |||||||||||||||||spa d | ||
| 020 |
_a9875453552 _c$15 |
||
| 040 |
_aAR-LpoUNG _bspa _eaacr |
||
| 041 | _aspa | ||
| 044 | _aag | ||
| 082 | 0 | _a982.065 669v1 | |
| 100 | 1 | _aGorini, Ulises | |
| 245 | 1 | 3 |
_aLa rebelión de las Madres : _bhistoria de las madres de Plaza de Mayo : 1976-1983 |
| 250 | _a1ra. ed. | ||
| 260 |
_aBuenos Aires : _bNorma, _c2006. |
||
| 300 |
_a670 p. : _bfot. _a(2 _fVolúmenes) _3Impreso |
||
| 490 | 0 | _aHistoria de las Madres de Plaza de Mayo | |
| 520 | _a<p>Reconstruye de modo exhaustivo la historia de las Madres de Plaza de Mayo, investiga las causas del genocidio, en el contexto nacional e internacional.</p> | ||
| 650 | 4 | _aANALISIS HISTORICO | |
| 650 | 4 | _aARGENTINA | |
| 650 | 4 | _aDERECHOS HUMANOS | |
| 650 | 4 | _aDICTADURA | |
| 650 | 4 | _aGOBIERNO MILITAR | |
| 650 | 4 | _aHISTORIA POLITICA | |
| 651 | 4 | _aArgentina | |
| 653 | _aCENTROS CLANDESTINOS DE DETENCION | ||
| 653 | _aMADRES DE PLAZA DE MAYO | ||
| 653 | _aMEMORIA COLECTIVA | ||
| 700 | 1 |
_aBayer, Osvaldo _epról. |
|
| 905 | _a23356 | ||
| 942 | _cLIB | ||
| 999 |
_c48639 _d48639 |
||